Ambivalencias de la desaparición de personas /

Detalles Bibliográficos
Otros Autores: Garza Placencia, Jaqueline (Editor), Durán Padilla, Arturo (Editor)
Formato: Electrónico eBook
Lenguaje:español
Publicado: Zapopan, Jalisco : El Colegio de Jalisco, 2024.
Edición:Primera edición.
Colección:Temas de estudio (Colegio de Jalisco)
Materias:
Acceso en línea:Digitalia Hispánica

MARC

LEADER 00000nam a2200000Ii 4500
001 DIGCOJAL0105
003 NyNyDIG
006 m o d
007 cr |||||||||||
008 250404s2024 mx a ob 000 0 spa d
035 |a (OCoLC)1514492259 
040 |a DGITA  |b eng  |e rda  |e pn  |c DGITA 
020 |z 9786078831531 
041 0 |a spa  |b spa  |b eng 
043 |a n-mx---  |a cl----- 
050 1 4 |a HV6322 ebook 
245 0 0 |a Ambivalencias de la desaparición de personas /  |c Jaqueline Garza Placencia, Arturo Durán Padilla, coordinadores. 
250 |a Primera edición. 
264 1 |a Zapopan, Jalisco :  |b El Colegio de Jalisco,  |c 2024. 
300 |a 1 online resource :  |b illustrations. 
336 |a text  |b txt  |2 rdacontent 
337 |a computer  |b c  |2 rdamedia 
338 |a online resource  |b cr  |2 rdacarrier 
347 |a text file  |2 rdaft 
347 |b PDF 
490 1 |a Temas de estudio 
504 |a Includes bibliographical references. 
546 |a Text in Spanish with abstract in Spanish and English in each chapter. 
588 0 |a Online resource; title from PDF title page (Digitalia, viewed April 4, 2025) 
650 0 |a Disappeared persons  |z Mexico  |y 20th century. 
650 0 |a Disappeared persons  |z Latin America  |y 20th century. 
700 1 |a Garza Placencia, Jaqueline,  |e editor. 
700 1 |a Durán Padilla, Arturo,  |e editor. 
776 0 8 |i Print version:  |t Ambivalencias de la desaparición de personas.  |b Primera edición.  |d Zapopan, Jalisco : El Colegio de Jalisco, 2024  |z 9786078831531 
791 2 |a Digitalia (Firm),  |e distributor. 
793 0 |g Digitalia eBook Collection:  |a El Colegio de Jalisco 
830 0 |a Temas de estudio (Colegio de Jalisco) 
856 4 0 |3 Digitalia Hispánica  |u https://www.digitaliapublishing.com/a/172268/ 
910 |a Premium collection: 2025